Degas (Запис номер 39440)
[ съкратено ]
| 000 -Лидер | |
|---|---|
| Контролно поле с фиксирана дължина | 01404nam a2200409 a 4500 |
| 003 - Код на организацията, давaща контролен номер | |
| Контролно поле | BLK |
| 005 - Дата и час на последна редакция | |
| Контролно поле | 20230818163505.0 |
| 008 - Елементи от данни с фиксирана дължина | |
| fixed length control field | 180408b bul|||||r ||||||| ||bul|| |
| 010 ## - Наследен системен номер | |
| LC control number | KNG00042793000 |
| 020 ## - Международен стандартен номер на книга ISBN | |
| Международен стандартен номер на книга ISBN | 2-203-16710-6 |
| 040 ## - Източник на каталожния запис | |
| Идентификатор на билиотеката - собственик на записа | BLK |
| 041 ## - Код за език | |
| Код за езика на текст/звукозапис или на отделно заглавие | Френски |
| Код за езика КДБФ | Френски |
| 080 ## - УДК | |
| Текстов определител УДК | Живопис - художници |
| УДК код - определител по УДК | 75.071.1 |
| УДК определител | (44)(092) |
| УДК - код + определител | 75.071.1(44)(092) |
| 080 ## - УДК | |
| Текстов определител УДК | Френски живописец, график и скулптор импресионист (1834-1917)(АБ) |
| УДК код - определител по УДК | 929 Дега, Едгар |
| УДК - код + определител | 929 Дега, Едгар |
| 100 1# - Редна дума - Автор | |
| Автор | Loumaye, Jacqueline |
| Авторска отговорност | първи автор |
| R(LIN) | 17271 |
| 139 ## - Редно поле | |
| Редна дума | Loumaye, Jacqueline |
| Авторски знак | Дев - Д 32 |
| Filing suffix | D 31 E |
| Feature heading | Д 32 Е |
| 245 10 - Сведения за заглавието | |
| Заглавие | Degas |
| Подзаглавни данни | Le geste peint |
| Редно поле (дума) | Jacqueline Loumaye, Nadine Massart. |
| 257 ## - Страна на издаване | |
| Страна на създаване/издаване | Франция |
| 260 ## - Област на издателските данни | |
| Име на издателя, разпространителя и проч. | Casterman |
| Година на издаване | 1992 |
| 300 ## - Физическа характеристика | |
| Страници | 62 c. |
| Илюстрации и др. | с ил. |
| Размери/Мащаб | 24 см |
| 380 ## - Жанр | |
| Жанр | Изкуство |
| 490 ## - СЕРИИ (Колекции) | |
| Име на серия | Le Jardin des Peintres |
| 600 14 - Име на лице, използвано като предмет | |
| За него / За нея | Дега, Едгар |
| 9 (RLIN) | 59263 |
| 650 #4 - Допълнително описание по предмет – тема | |
| Основно описание – тема или топоним | Художници, френски |
| 9 (RLIN) | 249195 |
| 653 ## - Ключова дума – ненормативна | |
| Ключова дума | френски художници |
| 653 ## - Ключова дума – ненормативна | |
| Ключова дума | Едгар Дега |
| 700 1# - Други автори (авторска отговорност) | |
| Лично име | Massart, Nadine |
| Автороска отговорност (Описва отношението между автора и произведението) | съавт. |
| 9 (RLIN) | 18072 |
| 700 1# - Други автори (авторска отговорност) | |
| Лично име | Дега, Едгар |
| 9 (RLIN) | 59263 |
| 852 ## - Местоположение | |
| Форматна сигнатура | Цб 97118 |
| 856 4# - Електронен адрес и достъп | |
| Електронен формат | pdf - файл |
| 856 4# - Електронен адрес и достъп | |
| Електронен формат | pdf - файл |
| 942 ## - АРТИКУЛИ | |
| Вид на библиотечния материал | Книги |
| Скрит в OPAC | Не |
| Периодичен библиозапис | Да |
| Koha issues (borrowed), all copies | 3 |
| 944 ## - СЪЗДАВАНЕ И РЕДАКЦИЯ на ЗАПИСА | |
| Създаване/Редакция | Създаване |
| Дата на регистрацията/редакция | 15.01.2003 |
| Служител, извършил регистрацията/редакцията | 30542 |
| Статус, дата на статуса | Русанова Ирена |
| 944 ## - СЪЗДАВАНЕ И РЕДАКЦИЯ на ЗАПИСА | |
| Създаване/Редакция | Редакция |
| Дата на регистрацията/редакция | 23.08.2013 |
| 999 ## - СИСТЕМНИ КОНТРОЛНИ НОМЕРА | |
| Koha biblionumber | 39440 |
| Koha biblioitemnumber | 39440 |
| 999 ## - СИСТЕМНИ КОНТРОЛНИ НОМЕРА | |
| Koha biblioitemnumber | 39440 |
| 999 ## - СИСТЕМНИ КОНТРОЛНИ НОМЕРА | |
| Koha biblioitemnumber | 39440 |
| Код за отписване | Код за изгубен артикул | Източник на класификационната схема | Код за повреда | Коз за рестрикции | Код за отдаване | Артикулен № | Име на библиотеката - собственик | Име на библиотеката, в която се намира в момента | Статус (Текущо местоположение) | Дата на вписване в системата | Местоположение - отдел | Цена в лева | Инвентарен номер | Систематично азбучна сигнатура | Баркод | Номер на екземпляра | Цена в евро | Служебна бележка | Служебен тип на артикула |
|---|---|---|---|---|---|---|---|---|---|---|---|---|---|---|---|---|---|---|---|
| Не е изгубен | Universal Decimal Classification | Не е повреден | без рестрикции | заемане за дома | 61781 | Регионална библиотека "Любен Каравелов" Русе | Регионална библиотека "Любен Каравелов" Русе | Отдел Изкуство - подръчен фонд | 2001-01-01 | Отдел Изкуство - подръчен фонд | 6.30 | 609277 | 75(092)/Д 32 Е | 120000609277 | 1 | 3.22 | Дата инв: 26.02.2015 Бележки инв: ИП2015 | Книги |